Normal view
MARC view
- Roth, Alfre , Baird, Ronald J
Entry Personal Name
001 - CONTROL NUMBER
- control field: 66644
003 - CONTROL NUMBER IDENTIFIER
- control field: NUST
005 - DATE AND TIME OF LATEST TRANSACTION
- control field: 20210628203631.0
008 - FIXED-LENGTH DATA ELEMENTS
- fixed length control field: 210628|| aca||aabn | a|a d
040 ## - CATALOGING SOURCE
- Original cataloging agency: NUST
- Transcribing agency: NUST
100 ## - HEADING--PERSONAL NAME
- Personal name: Roth, Alfre , Baird, Ronald J
670 ## - SOURCE DATA FOUND
- Source citation: Work cat.: (NUST): Roth, Alfre , Baird, Ronald J, Small gas engines, 1985
